000 00930cam a22002895a 4500
001 34427
005 20230411085955.0
008 061213s2006 bl b 001 0 por d
035 _a14669034
925 0 _aacquire
_b1 shelf copy
_xpolicy default
942 _2lcc
_cbk
010 _a2006450617
040 _aAZU
_cAZU
_dDLC
020 _a8574027480
035 _a(OCoLC)ocm72813920
035 _a(OCoLC)72813920
042 _alccopycat
_alcode
097 0 0 _a103 JL 2431
_bR696p 2006
100 1 _aRodrigues, Fernando.
245 1 0 _aPoliticos do Brasil /
_cFernando Rodrigues.
246 1 _iSubtitle on cover:
_aInvestigacao sobre o patrimonio declarado e a ascensao daqueles que exercem o poder
260 _aSao Paulo :
_bPubliFolha,
_cc2006.
300 _a421 p. ;
_c21 cm.
504 _aIncludes bibliographical references (p. 403-407) and index.
651 0 _aBrazil
_xPolitics and government.
985 _eODE-rj
999 _c110276
_d110276